| 000 | 00594nam a2200217 a 4500 | ||
|---|---|---|---|
| 008 | |||
| 020 | _a0534038670 | ||
| 049 | _aMAIN | ||
| 090 |
_aBC108 _bHUR |
||
| 100 | 1 | _aHurley, Patrick J. | |
| 245 | 1 | 2 |
_aA concise introduction to logic / _cby Patrick J. Hurley. |
| 250 | _a2nd ed. | ||
| 260 |
_aBelmont, Calif. : _bWadsworth Pub. Co., _cc1984. |
||
| 300 |
_axiv, 498 p. : _bill. ; _c24 cm. |
||
| 650 | 0 | _aLogic. | |
| 907 |
_a.b10034766 _b12-01-16 _c17-04-03 |
||
| 003 | |||
| 005 | 20230120133824.0 | ||
| 040 | _cNUST | ||
| 942 |
_cBOOKS _kBC108 _mHUR |
||
| 999 |
_c96062 _d96062 |
||